| 000 | 00435cam a2200181ua 4500 | ||
|---|---|---|---|
| 020 | _c1 | ||
| 041 |
_amal _h |
||
| 082 |
_a894.812803 _bPAD/MA |
||
| 100 | _aPadmanabhapanicker, Muloor . | ||
| 245 |
_aMayatha Ormakal / _cMuloor PadmanabhaPaniker. _hTextual Documents |
||
| 250 |
_a1 / _b. |
||
| 260 |
_aKollam : _bRobi Books , _c1961. |
||
| 300 | _a71 ; . | ||
| 365 | _a1 | ||
| 504 | _a | ||
| 942 | _cBK | ||
| 999 |
_c3810 _d3810 |
||